000
00306nam a22001217a 4500
041
_a
ENG
100
_a
Ridley,B.K
245
_a
Training Notes On Regional remote Sensing Service Centre Nagpur
260
_a
Satra
_b
Dagadl Shailesh hijada
_c
1996
300
_a
128
650
_a
SWCE
856
_u
SWCE ( 24 )
999
_c
1854
_d
1854